LDR 00681naa#a2200193#i#450# 001 EN\\bibl\119755 005 20260418043924.6 011 ## _a2782-4586 100 ## _a20260331b2026####ek#y0engy0150####ca 102 ## _aRU 200 1# _aThe impact on the competitiveness of the organization of accounting and analysis of financial results _eJournal article 210 1# _aMoscow _cITBO University _d2026 215 ## _a5 с. 608 ## _aJournal article _2local 675 ## _aПроверка отчетности. Аудит. Ревизия. 657.6 _z 700 #1 _aVarankin _gMaksim Vladimirovich 700 #1 _aSharapova _gValentina Mihaylovna 700 #1 _aSharapova _gNatalia Vladimirovna 856 4# _ajomeam.ru _u